| 000 | 01504cam a22003977i 4500 | ||
|---|---|---|---|
| 001 | 20216422 | ||
| 003 | OSt | ||
| 005 | 20231206105228.0 | ||
| 008 | 171214s2017 ii 000 j eng | ||
| 010 | _a 2017350006 | ||
| 020 | _a9780199477784 | ||
| 020 | _a0199477787 | ||
| 025 | _aI-E-2017350006 ; 25 | ||
| 037 | _bLibrary of Congress -- New Delhi Overseas Office | ||
| 040 |
_aDLC _beng _cDLC _erda _dDLC |
||
| 041 | 1 |
_aeng _hmal |
|
| 042 | _alcode | ||
| 050 | 0 | 0 | _aMLCM 2017/50053 (P) |
| 082 |
_a894.812371 _bLAL/O |
||
| 100 | 0 |
_aLaḷitāmbika Antarjjanaṃ, _d1909-1987 _eauthor. _910058 |
|
| 240 | 1 | 0 |
_aShort stories. _kSelections. _lEnglish |
| 245 | 1 | 0 |
_aOn the far side of memory : _bshort stories of Lalithambika Antharajanam / _ctranslated from Malayalam by J. Devika ; edited by Mini Krishnan |
| 264 | 1 |
_aNew Delhi : _bOxford University Press, _c2017. |
|
| 300 |
_axxv, 174 pages ; _c23 cm |
||
| 336 |
_atext _btxt _2rdacontent |
||
| 337 |
_aunmediated _bn _2rdamedia |
||
| 338 |
_avolume _bnc _2rdacarrier |
||
| 500 | _aShort stories. | ||
| 600 | 0 | 0 |
_aLaḷitāmbika Antarjjanaṃ, _d1909-1987 _vTranslations into English. |
| 650 | 0 |
_aShort stories, Malayalam _vTranslations into English. |
|
| 700 | 1 |
_aDevika, J, _etranslator. |
|
| 700 | 0 |
_aMini Krishnan, _eeditor. |
|
| 906 |
_a7 _bcbc _corigode _d3 _encip _f20 _gy-gencatlg |
||
| 942 |
_2ddc _cBK _h894.812371 _iLAL/O _k894.812371 _mLAL/O |
||
| 999 |
_c43784 _d43784 |
||